| 000 | 00641nam a22001577a 4500 | ||
|---|---|---|---|
| 008 | 170309b xxu||||| |||| 00| 0 eng d | ||
| 082 |
_22016 _aUT 0713 _bM11 |
||
| 100 |
_919171 _aMacatangay, Jei B. |
||
| 245 |
_aAntas ng Kahalagahan Sa pAggamit ng Makabagong Teknolohiya sa mga Gawain ng mga Mag-aaral Na Nagmemedyor ng Filipino Sa Ikalawang Taon Sa UMDC _cJei B. Macatangay, Nova M. Ruiz and Albert T. Tamang. |
||
| 300 |
_a41 pages; _b28 cm. |
||
| 650 | 0 |
_919172 _aEducation _vFilipino _xUndergraduate Thesis. |
|
| 700 |
_919173 _aMacatangay, Jei B. |
||
| 700 |
_919174 _aRuiz, Nova M. |
||
| 700 |
_919175 _aTamang, Albert T. |
||
| 942 |
_2ddc _cUT |
||
| 999 |
_c6370 _d6370 |
||